000
00323nam a2200133Ia 4500
008
191201s2008 xx 000 0 und d
082
_a
621.3825
_b
KAS
100
_a
KATIYAR, Sapna
245
0
_a
Satellite Communication
260
_a
N. Delhi
_b
S.K.Kataria
_c
2008
300
_a
429
650
_a
B.Tech(ECE)
942
_2
ddc
_c
BK
999
_c
6652
_d
6652